<?xml version="1.0" encoding="UTF-8"?>
<record
    xmlns:xsi="http://www.w3.org/2001/XMLSchema-instance"
    xsi:schemaLocation="http://www.loc.gov/MARC21/slim http://www.loc.gov/standards/marcxml/schema/MARC21slim.xsd"
    xmlns="http://www.loc.gov/MARC21/slim">

  <leader>01176cam a2200289 i 4500</leader>
  <controlfield tag="001">sa 66002196 </controlfield>
  <controlfield tag="003">DLC</controlfield>
  <controlfield tag="005">20260227112227.0</controlfield>
  <controlfield tag="008">811022s1962    ii            000 0 hin  </controlfield>
  <datafield tag="010" ind1=" " ind2=" ">
    <subfield code="a">sa 66002196 </subfield>
  </datafield>
  <datafield tag="025" ind1=" " ind2=" ">
    <subfield code="a">PL480:I-San-478</subfield>
  </datafield>
  <datafield tag="040" ind1=" " ind2=" ">
    <subfield code="a">DLC</subfield>
    <subfield code="c">DLC</subfield>
    <subfield code="d">DLC</subfield>
  </datafield>
  <datafield tag="041" ind1="0" ind2=" ">
    <subfield code="a">hinsan</subfield>
  </datafield>
  <datafield tag="050" ind1="0" ind2="0">
    <subfield code="a">PK3791.B58</subfield>
    <subfield code="b">U723 1962</subfield>
  </datafield>
  <datafield tag="100" ind1="0" ind2=" ">
    <subfield code="a">Bhavabh&#x16B;ti,</subfield>
    <subfield code="d">active 8th century.</subfield>
  </datafield>
  <datafield tag="240" ind1="1" ind2="0">
    <subfield code="a">Uttarar&#x101;macarita.</subfield>
    <subfield code="l">Hindi &amp; Sanskrit</subfield>
  </datafield>
  <datafield tag="245" ind1="1" ind2="0">
    <subfield code="a">Uttarar&#x101;macaritam :</subfield>
    <subfield code="b">Candrakal&#x101;-vidyotin&#x12B;-vy&#x101;khy&#x101;dvayopetam /</subfield>
    <subfield code="c">Mah&#x101;kavibhavabh&#x16B;tiviracitam ; vy&#x101;khy&#x101;k&#x101;ra&#x1E25; &#x15A;r&#x12B;&#x15B;e&#x1E63;ar&#x101;ja&#x15B;arm&#x101; Regm&#x12B;&#x1E25; ; &#x1E6D;ippa&#x1E47;&#x12B; (no&#x1E6D;sa) lekhaka&#x1E25; &#x15A;r&#x12B;k&#x101;nt&#x101;n&#x101;tha&#x15B;&#x101;str&#x12B; Telanga&#x1E25;.</subfield>
  </datafield>
  <datafield tag="250" ind1=" " ind2=" ">
    <subfield code="a">[4. sa&#x1E43;kara&#x1E47;a].</subfield>
  </datafield>
  <datafield tag="260" ind1=" " ind2=" ">
    <subfield code="a">V&#x101;r&#x101;n&#x1EA1;s&#x12B; :</subfield>
    <subfield code="b">Caukhamb&#x101; Sa&#x1E43;skr&#x325;ta S&#x12B;r&#x12B;ja &#x100;phisa,</subfield>
    <subfield code="c">[1962]</subfield>
  </datafield>
  <datafield tag="300" ind1=" " ind2=" ">
    <subfield code="a">1 v. (various pagings) ;</subfield>
    <subfield code="c">19 cm.</subfield>
  </datafield>
  <datafield tag="490" ind1="1" ind2=" ">
    <subfield code="a">Harid&#x101;sa Sam&#x1E63;kr&#x325;ta grantham&#x101;l&#x101; ;</subfield>
    <subfield code="v">191</subfield>
  </datafield>
  <datafield tag="500" ind1=" " ind2=" ">
    <subfield code="a">Hindi and Sanskrit; introductory matter and notes in Hindi.</subfield>
  </datafield>
  <datafield tag="650" ind1=" " ind2="0">
    <subfield code="a">R&#x101;ma (Hindu deity)</subfield>
    <subfield code="x">Drama.</subfield>
  </datafield>
  <datafield tag="700" ind1="1" ind2=" ">
    <subfield code="a">Regmi, Sesaraj Sarma.</subfield>
  </datafield>
  <datafield tag="700" ind1="1" ind2=" ">
    <subfield code="a">Tela&#x1E45;ga, K&#x101;nt&#x101;n&#x101;tha&#x15B;&#x101;str&#x12B;.</subfield>
  </datafield>
  <datafield tag="830" ind1=" " ind2="0">
    <subfield code="a">Harid&#x101;sa-Sa&#x1E43;skr&#x325;ta-grantham&#x101;l&#x101; ;</subfield>
    <subfield code="v">191.</subfield>
  </datafield>
  <datafield tag="999" ind1=" " ind2=" ">
    <subfield code="c">68209</subfield>
    <subfield code="d">68209</subfield>
  </datafield>
</record>
